Wetten, dass..? Städte - Statistiken

Allgemein
  • Dieses Quiz wurde 240 mal gespielt
  • Das Durchschnittsergebnis liegt bei 31 aus 54
Antwortstatistiken
Erste Ausgabe Anzahl Ausgaben Stadt % Korrekt
1983 10 Berlin
95%
2002 3 München
93%
1994 2 Köln
91%
1998 2 Frankfurt
88%
1984 4 Kiel
88%
1981 9 Düsseldorf
87%
1985 4 Dortmund
86%
1997 6 Leipzig
86%
2004 5 Nürnberg
86%
1988 2 Stuttgart
86%
2001 2 Dresden
85%
1984 8 Bremen
84%
1985 7 Hannover
82%
1981 4 Mainz
81%
1998 6 Erfurt
76%
1982 5 Augsburg
74%
2000 5 Freiburg
74%
1993 2 Rostock
72%
1983 11 Saarbrücken
72%
1997 2 Mannheim
71%
1983 2 Wiesbaden
69%
2003 3 Karlsruhe
68%
1999 6 (Sommer) Palma de Mallorca
68%
1988 7 Duisburg
67%
1981 4 Wien
65%
2002 2 Braunschweig
63%
1988 3 Münster
60%
2006 4 Halle
59%
1989 2 Oldenburg
55%
1993 1 Koblenz
54%
2006 3 Salzburg
54%
1981 1 Kaiserslautern
53%
1982 3 Ludwigshafen
53%
1983 12 Basel
52%
2007 5 Friedrichshafen
51%
2003 3 Graz
46%
1985 5 Innsbruck
46%
1987 5 Bremerhaven
45%
2001 1 Göttingen
44%
1986 5 Linz
42%
1982 8 Offenburg
35%
1992 1 Aschaffenburg
32%
1990 3 Emden
32%
1981 4 Hagen
32%
1981 2 Siegen
32%
2004 1 Klagenfurt
27%
1987 6 Hof
26%
2002 1 (Sommer) Paris
24%
2003 1 Luzern
21%
1981 6 Böblingen
16%
1999 2 Dornbirn
13%
1991 1 (Sommer) Xanten
11%
1984 2 Ravensburg
10%
2005 1 (Sommer) Aspendos
3%
Keine übereinstimmenden Quizze gefunden
Verteilung der Resultate
Anzahl Personen mit jedem Resultat
Perzentil nach korrekt beantworteten Fragen
Ihre Resultats-Entwicklung
Sie haben dieses Quiz noch nicht gespielt